000 00350nam a22001457a 4500
008 221214b ||||| |||| 00| 0 eng d
020 _a9780827375208
041 _aeng
080 _a610.73
082 _a610.73PED
100 _a7
101 _aINF
245 _aCOMPARATIVE RECORDS FOR HEALTH INFORMATION MANAGEMENT
_cPEDEN.H.A
942 _2udc
_cBK
999 _c59185
_d59185